4. medzinárodná konferencia ekonómov - regionalistov členských krajín RVHP k otázkam dlhodobého oblastného rozvoja

Enregistré dans:
Détails bibliographiques
Format: Livre
Langue:slovaque
Publié: Bratislava Výskumný ústav oblastného plánovania 1974
Tags: Ajouter un tag
Pas de tags, Soyez le premier à ajouter un tag!

MARC

LEADER 00000nam a2200000 4500
001 c120529
005 20171213153340.9
041 0 |a slo 
044 |a SK 
245 1 0 |a 4. medzinárodná konferencia ekonómov - regionalistov členských krajín RVHP k otázkam dlhodobého oblastného rozvoja 
264 1 |a Bratislava  |b Výskumný ústav oblastného plánovania  |c 1974 
300 |a 165 s.